000 00473nam a2200181 i 4500
001 38874
003 ES-MaACL
005 20230906155836.0
007 t|
008 030226s1928 sp ||||1| spa d
080 _a821.134.2-92"19"
100 1 _aCamba, Julio,
_d1882-1962
_934020
245 1 0 _aSobre casi nada /
_cJulio Camba.
260 _aMadrid :
_bEspasa-Calpe,
_c1928.
300 _a231 p. ;
_c19 cm.
852 _aES-MaACL
_jB-7796
999 _c38874
_d38874